[Event "World Championship...or at least a tournament"]
[Site "SchemingMind.com"]
[Date "2004.05.09"]
[Round "-"]
[White "Austin Lockwood"]
[Black "sacriflex"]
[Result "1-0"]
[WhiteCountry "ENG"]
[BlackCountry "CAN"]
[WhiteElo "1644"]
[WhiteRD "68"]
[BlackElo "1624"]
[BlackRD "152"]
[GameID "2120"]

1. e4 c5 2. Nc3 Nc6 3. g3 g6 4. Bg2 Bg7 5. d3 Nf6 6. Nf3 O-O 7. O-O d6 8. Nh4 Ng4 9. h3 Nge5 10. f4 Nd7
11. e5 dxe5 12. f5 Nd4 13. Be3 Nf6 14. fxg6 fxg6 15. Qd2 Rb8 16. Nf3 Nd5 17. Nxd5 Qxd5 18. Nxd4
1-0

[Event "World Championship...or at least a tournament"]
[Site "SchemingMind.com"]
[Date "2004.05.10"]
[Round "-"]
[White "sacriflex"]
[Black "Austin Lockwood"]
[Result "1/2-1/2"]
[WhiteCountry "CAN"]
[BlackCountry "ENG"]
[WhiteElo "1546"]
[WhiteRD "96"]
[BlackElo "1642"]
[BlackRD "68"]
[GameID "2121"]

1. e4 e5 2. Nf3 d6 3. d4 exd4 4. Nxd4 g6 5. Nc3 Bg7 6. Be2 Nc6 7. Be3 Nge7 8. O-O Nxd4 9. Bxd4 Bxd4 10. Qxd4 O-O
11. f4 Nc6 12. Qd1 Qf6 13. Nd5 Qxb2 14. Nxc7 Rb8 15. Nd5 Be6 16. Bc4 b5 17. Bb3 Qd4+ 18. Qxd4 Nxd4 19. Nf6+ Kg7 20. Bxe6 fxe6
21. Nd7 Nxc2 22. Nxf8 Rxf8 23. Rac1 Nd4 24. Rc7+ Rf7 25. Rxf7+ Kxf7 26. Rd1=
1/2-1/2

[Event "World Championship...or at least a tournament"]
[Site "SchemingMind.com"]
[Date "2004.05.09"]
[Round "-"]
[White "loco61"]
[Black "Austin Lockwood"]
[Result "1/2-1/2"]
[WhiteCountry "ENG"]
[BlackCountry "ENG"]
[WhiteElo "1639"]
[WhiteRD "74"]
[BlackElo "1642"]
[BlackRD "68"]
[GameID "2122"]

1. e4 e5 2. Nf3 Nf6 3. Nc3 Nc6 4. Bc4 Be7 5. d3 O-O 6. Nd5 Nxd5 7. Bxd5 b6 8. Bxc6 dxc6 9. Nxe5 Ba6 10. Nxc6 Qd6
11. Nxe7+ Qxe7 12. Bf4 f5 13. e5 g5 14. Be3 Qxe5 15. O-O f4 16. Bd2 Qxb2 17. a3 f3 18. g4 Qf6 19. h3 Rae8 20. Be3 Re6
21. Qd2 Rfe8 22. Bxg5 Qg7 23. Be3 c5 24. Kh2 h5 25. Rg1 Rg6 26. g5 Re5 27. d4 cxd4 28. Bxd4 Re2 29. Qxe2 fxe2 30. Bxg7 Kxg7
31. h4 Re6 32. Kg3 Rc6 33. Rac1 Rc3+ 34. f3 Rxa3 35. Kf2 Bc4 36. f4 Rh3 37. g6 Rxh4 38. Kf3 a5 39. f5 Kf6 40. g7 Rg4=
41. Rxg4 hxg4+ 42. Kxg4 a4 43. Kf4=
1/2-1/2

[Event "World Championship...or at least a tournament"]
[Site "SchemingMind.com"]
[Date "2004.05.09"]
[Round "-"]
[White "loco61"]
[Black "sacriflex"]
[Result "1-0"]
[WhiteCountry "ENG"]
[BlackCountry "CAN"]
[WhiteElo "1639"]
[WhiteRD "72"]
[BlackElo "1439"]
[BlackRD "81"]
[GameID "2123"]

1. e4 Nf6 2. Nc3 e5 3. Nf3 Bb4 4. d3 d6 5. a3 Bc5 6. h3 Be6 7. Bg5 O-O 8. b4 Bb6 9. Be2 c5 10. bxc5 Bxc5
11. d4 exd4 12. Nxd4 Nbd7 13. Nxe6 fxe6 14. Bc4 Qb6 15. Bxe6+ Kh8 16. O-O h6 17. Bf4 Nxe4 18. Nxe4 Rxf4 19. Bd5 Raf8 20. Qe2 Ne5
21. Rab1 Bxf2+ 22. Nxf2 Rxf2 23. Rxf2 Qxb1+ 24. Kh2 Rxf2 25. Qxf2 b6 26. Qf8+ Kh7 27. Bg8+ Kg6 28. Qxd6+ Kf5 29. Bh7+ g6 30. g4+ Ke4
31. Bxg6+ Nxg6 32. Qxg6+ Kf3 33. Qf5+ Ke3 34. Qd3+ Kf4 35. Kg2 Qe1 36. Qf5+ Ke3 37. Qf3+ Kd2 38. Qd3+ Kc1 39. c4 a5 40. a4
1-0

[Event "World Championship...or at least a tournament"]
[Site "SchemingMind.com"]
[Date "2004.05.09"]
[Round "-"]
[White "Austin Lockwood"]
[Black "loco61"]
[Result "1-0"]
[WhiteCountry "ENG"]
[BlackCountry "ENG"]
[WhiteElo "1644"]
[WhiteRD "68"]
[BlackElo "1642"]
[BlackRD "81"]
[GameID "2124"]

1. e4 e5 2. Nf3 Nc6 3. Bb5 d6 4. O-O a6 5. Ba4 b5 6. Bb3 Bg4 7. d3 Nf6 8. h3 Bh5 9. Be3 h6 10. c4 Bxf3
11. Qxf3 bxc4 12. dxc4 Be7 13. Ba4 Qd7 14. Nc3 O-O 15. Nd5 Nxd5 16. exd5 Nd4 17. Bxd7 Nxf3+ 18. gxf3 f5 19. f4 e4 20. c5 dxc5
21. Rac1 Bd6 22. Bxc5 Rad8 23. Bxd6 cxd6 24. Rc7 Kh7 25. Rfc1 h5 26. R1c6 Rb8 27. b3 Rf6 28. Rxa6 Rb5 29. Bxb5
1-0

[Event "World Championship...or at least a tournament"]
[Site "SchemingMind.com"]
[Date "2004.05.10"]
[Round "-"]
[White "sacriflex"]
[Black "loco61"]
[Result "0-1"]
[WhiteCountry "CAN"]
[BlackCountry "ENG"]
[WhiteElo "1439"]
[WhiteRD "81"]
[BlackElo "1639"]
[BlackRD "72"]
[GameID "2125"]

1. e4 e5 2. Nf3 Nc6 3. Bb5 d6 4. d4 Bd7 5. O-O a6 6. Bc4 Bg4 7. Be3 Nxd4 8. Bxd4 Nf6 9. Be3 b5 10. Bb3 c6
11. Nbd2 h6 12. h3 Bh5 13. Qc1 Bxf3 14. Nxf3 Nxe4 15. Re1 a5 16. a4 b4 17. Bxh6 Nxf2 18. Bxg7 Nxh3+ 19. gxh3 Bxg7 20. Kg2 Rh6
21. Kh2 f5 22. Qg5 Qxg5 23. Nxg5 d5 24. Nf3 e4 25. Nd2 Bxb2 26. Rab1 Bc3 27. Re2 Kd7 28. Nf1 Rah8 29. Kg1 Rxh3 30. Rh2 Bd4+
31. Kg2 Rxh2+ 32. Nxh2 Be5 33. Rh1 c5 34. Bxd5 Kd6 35. Bf7 Rh7 36. Bg6 Rg7 37. Rd1+ Ke6 38. Nf1 Rxg6+
0-1

[Event "World Championship...or at least a tournament"]
[Site "SchemingMind.com"]
[Date "2004.05.09"]
[Round "-"]
[White "Gary"]
[Black "Austin Lockwood"]
[Result "1-0"]
[WhiteCountry "ENG"]
[BlackCountry "ENG"]
[WhiteElo "1625"]
[WhiteRD "67"]
[BlackElo "1644"]
[BlackRD "68"]
[GameID "2128"]

1. d4 c5 2. d5 d6 3. Nc3 Nf6 4. Nf3 g6 5. e4 Bg7 6. Bb5+ Nfd7 7. O-O O-O 8. Bd2 a6 9. Be2 b5 10. a3 b4
11. axb4 Nb6 12. bxc5 dxc5 13. Be3 Qd6 14. e5 Bxe5 15. Ne4 Qc7 16. Bxc5 Bxb2 17. Rb1 Na4 18. d6 exd6 19. Bxd6 Qc6 20. Bxf8 Qxe4
21. Qd8 Nc6 22. Qd6 Ne5 23. Qf6 Ng4 24. Qe7 Qxe7 25. Bxe7 Ra7 26. Bh4 Bf5 27. Bd3 Bxd3 28. cxd3 Ne5 29. Nxe5 Bxe5 30. Rfe1 Nc3
31. Rb3 Bd4 32. Bg5 Kg7 33. Be3 Bxe3 34. fxe3 Nd5 35. e4 Nf4 36. d4 Rc7 37. d5
1-0

[Event "World Championship...or at least a tournament"]
[Site "SchemingMind.com"]
[Date "2004.05.09"]
[Round "-"]
[White "Gary"]
[Black "loco61"]
[Result "1/2-1/2"]
[WhiteCountry "ENG"]
[BlackCountry "ENG"]
[WhiteElo "1655"]
[WhiteRD "65"]
[BlackElo "1639"]
[BlackRD "72"]
[GameID "2129"]

1. c4 e5 2. Nc3 Nf6 3. g3 Bc5 4. Bg2 c6 5. e4 d6 6. Nge2 Be6 7. b3 Bb4 8. O-O Nbd7 9. Bb2 O-O 10. a3 Ba5
11. b4 Bb6 12. d3 a5 13. Rc1 c5 14. b5 Bc7 15. f4 Bg4 16. Qd2 b6 17. a4 exf4 18. Nxf4 Ne5 19. Ncd5 Nxd5 20. Nxd5 Bb8
21. Rf4 Be6 22. Ne3 g6 23. Rcf1 f6 24. d4 Nxc4 25. Nxc4 Bxc4 26. R1f3 d5 27. e5 f5 28. dxc5 bxc5 29. Rf2 Ra7 30. Rxc4 dxc4
31. Bd5+ Kg7 32. e6+ Rf6 33. Qg5 h6 34. Qxf6+ Qxf6 35. Bxf6+ Kxf6 36. Bxc4 Be5 37. Rd2 Bd4+ 38. Kg2 g5 39. h3= g4 40. h4 h5
41. Re2 Be5 42. Rf2 Ra8 43. Rd2 Bd4 44. Rd1 Rf8=
1/2-1/2

[Event "World Championship...or at least a tournament"]
[Site "SchemingMind.com"]
[Date "2004.05.09"]
[Round "-"]
[White "Gary"]
[Black "sacriflex"]
[Result "1-0"]
[WhiteCountry "ENG"]
[BlackCountry "CAN"]
[WhiteElo "1648"]
[WhiteRD "67"]
[BlackElo "1546"]
[BlackRD "96"]
[GameID "2130"]

1. c4 Nf6 2. Nc3 d5 3. e3 g6 4. Nf3 Bg7 5. Be2 dxc4 6. Bxc4 O-O 7. O-O c5 8. b3 Bg4 9. h3 Bf5 10. Qe2 a6
11. e4 Bd7 12. d4 cxd4 13. Nxd4 Nc6 14. Nxc6 Bxc6 15. Rd1 Qc7 16. Bb2 Nxe4 17. Nxe4 Bxb2 18. Qxb2 Bxe4 19. Rac1 Qb6 20. Qe5 Bf5
21. Qxe7 Rae8 22. Bxf7+ Rxf7 23. Qxe8+ Kg7 24. Qe5+ Kh6 25. Rd4 Rf6 26. Rh4+ Kg5 27. Qf4#
1-0

[Event "World Championship...or at least a tournament"]
[Site "SchemingMind.com"]
[Date "2004.05.09"]
[Round "-"]
[White "Austin Lockwood"]
[Black "Gary"]
[Result "1-0"]
[WhiteCountry "ENG"]
[BlackCountry "ENG"]
[WhiteElo "1644"]
[WhiteRD "68"]
[BlackElo "1625"]
[BlackRD "67"]
[GameID "2131"]

1. e4 c5 2. Nc3 Nc6 3. Nf3 d6 4. Bb5 Bd7 5. O-O g6 6. Nd5 Bg7 7. d3 e6 8. Nc3 Nge7 9. d4 cxd4 10. Ne2 e5
11. Nxe5 dxe5 12. f4 O-O 13. fxe5 Bxe5 14. Bh6 Re8 15. Bc4 Be6 16. Bxe6 fxe6 17. Nf4 Bxf4 18. Bxf4 e5 19. Bh6 Qd7 20. Qf3 Qe6
21. a4 Kh8 22. Bg5 Kg8 23. Bh6 Nb4 24. Rf2 a5 25. Raf1 Qc8 26. Qf7+ Kh8 27. Bg7#
1-0

[Event "World Championship...or at least a tournament"]
[Site "SchemingMind.com"]
[Date "2004.05.09"]
[Round "-"]
[White "loco61"]
[Black "Gary"]
[Result "0-1"]
[WhiteCountry "ENG"]
[BlackCountry "ENG"]
[WhiteElo "1639"]
[WhiteRD "72"]
[BlackElo "1655"]
[BlackRD "65"]
[GameID "2132"]

1. e4 c5 2. Nf3 Nc6 3. d4 cxd4 4. Nxd4 Nf6 5. Nc3 a6 6. Bd3 g6 7. Nxc6 bxc6 8. Bg5 Bg7 9. O-O O-O 10. Qf3 Qc7
11. Rfe1 d6 12. Rad1 Bg4 13. Qf4 Bxd1 14. Rxd1 e5 15. Qf3 Nd7 16. b4 a5 17. b5 Nc5 18. bxc6 Ne6 19. Be3 Qxc6 20. Nd5 Kh8
21. g3 Nc5 22. Bxc5 Qxc5 23. c4 Rab8 24. Qe2 Rb7 25. Rb1 Rfb8 26. Rxb7 Rxb7 27. Kg2 Qd4 28. Qd2 Rb2 29. Qe3 Qxe3 30. Nxe3 Rxa2
31. Nd5 Rd2 32. Bb1 a4 33. Kf3 a3 34. Nc3 Rb2 35. Ke3 Rxb1 36. Na2 Rb2 37. Kd3 Rxa2
0-1

[Event "World Championship...or at least a tournament"]
[Site "SchemingMind.com"]
[Date "2004.05.10"]
[Round "-"]
[White "sacriflex"]
[Black "Gary"]
[Result "0-1"]
[WhiteCountry "CAN"]
[BlackCountry "ENG"]
[WhiteElo "1374"]
[WhiteRD "78"]
[BlackElo "1632"]
[BlackRD "61"]
[GameID "2133"]

1. e4 c5 2. Nf3 Nc6 3. d4 cxd4 4. Nxd4 d6 5. Nc3 Nf6 6. Be2 e5 7. Nb3 Be7 8. O-O O-O 9. Bg5 h6 10. Bh4 b6
11. f4 exf4 12. Rxf4 g5 13. Bxg5 hxg5 14. Rf1 Bb7 15. Bf3 Rc8 16. Bh5 Ne5 17. Qe2 Qc7 18. Nd4 Qc5 19. Rad1 Qb4 20. Nf5 Rfe8
21. Nxe7+ Rxe7 22. Rxf6 Rd8 23. Qe3 Qc5 24. Qxc5 bxc5 25. Rdxd6 Rxd6 26. Rxd6 Nc4 27. Rd8+ Kg7 28. Nd5 Rxe4 29. Nc3 Re1+ 30. Kf2 Rc1
31. Rd7 Rxc2+
0-1

[Event "World Championship...or at least a tournament"]
[Site "SchemingMind.com"]
[Date "2004.05.10"]
[Round "-"]
[White "refutor"]
[Black "Austin Lockwood"]
[Result "0-1"]
[WhiteCountry "CAN"]
[BlackCountry "ENG"]
[WhiteElo "1589"]
[WhiteRD "77"]
[BlackElo "1644"]
[BlackRD "68"]
[GameID "2137"]

1. f4 d5 2. Nf3 Nf6 3. b3 Bf5 4. Bb2 e6 5. e3 Be7 6. Be2 O-O 7. O-O h5 8. c4 dxc4 9. Bxc4 Nc6 10. d3 Na5
11. Nc3 Nxc4 12. dxc4 Bc5 13. Qe2 Bd3 14. Qd2 Bxf1 15. Rxf1 Qxd2 16. Nxd2 Bxe3+
0-1

[Event "World Championship...or at least a tournament"]
[Site "SchemingMind.com"]
[Date "2004.05.10"]
[Round "-"]
[White "refutor"]
[Black "Gary"]
[Result "1-0"]
[WhiteCountry "CAN"]
[BlackCountry "ENG"]
[WhiteElo "1589"]
[WhiteRD "77"]
[BlackElo "1625"]
[BlackRD "67"]
[GameID "2138"]

1. f4 d5 2. Nf3 Nf6 3. b3 g6 4. Bb2 Bg7 5. e3 O-O 6. Be2 c5 7. c4 e6 8. cxd5 exd5 9. d4 b6 10. Nc3 Nc6
11. O-O Bb7 12. Qc2 Rc8 13. Rac1 Re8 14. Qd2 Ng4 15. dxc5 Bxc3 16. Qxc3 d4 17. Nxd4 Nf6 18. Nxc6 Rxc6 19. Bb5 Rxc5 20. Qxf6 Qxf6
21. Bxf6 Rxb5 22. Rc7 Be4 23. Rxa7 Ra5 24. Rxa5 bxa5 25. Rc1 h5 26. Rc5 Re6 27. Bd4 Ra6 28. Rc8+ Kh7 29. Rh8#
1-0

[Event "World Championship...or at least a tournament"]
[Site "SchemingMind.com"]
[Date "2004.05.10"]
[Round "-"]
[White "refutor"]
[Black "loco61"]
[Result "1-0"]
[WhiteCountry "CAN"]
[BlackCountry "ENG"]
[WhiteElo "1545"]
[WhiteRD "66"]
[BlackElo "1639"]
[BlackRD "74"]
[GameID "2139"]

1. Nf3 Nc6 2. e4 e5 3. Bb5 d6 4. d4 exd4 5. Nxd4 Bd7 6. Nc3 a6 7. Nxc6 bxc6 8. Bd3 Nf6 9. O-O Be7 10. Bg5 h6
11. Bh4 g5 12. Bg3 h5 13. f3 g4 14. e5 dxe5 15. Bxe5 Rg8 16. Re1 Nd5 17. Nxd5 cxd5 18. Bf6 Be6 19. Bxe7 Qxe7 20. Bf5 Rg5
21. Bxe6 fxe6 22. fxg4 hxg4 23. Qe2 Qc5+ 24. Kh1 e5 25. Rad1 e4 26. Qe3= Qxe3 27. Rxe3 c6 28. Rc3 Kd7 29. Kg1 Rf5 30. Re3 c5
31. Rxe4 Kc6= 32. Rxg4 d4 33. Rf1 Re5 34. Rgf4 Kd5 35. Rf5 a5 36. Rxe5+ Kxe5 37. Re1+ Kf4 38. b3 a4 39. Kf2 Rh8 40. g3+ Kf5
41. h4 Kg4 42. Re5 Rf8+ 43. Kg2 axb3 44. Rg5#
1-0

[Event "World Championship...or at least a tournament"]
[Site "SchemingMind.com"]
[Date "2004.05.10"]
[Round "-"]
[White "refutor"]
[Black "sacriflex"]
[Result "0-1"]
[WhiteCountry "CAN"]
[BlackCountry "CAN"]
[WhiteElo "1545"]
[WhiteRD "66"]
[BlackElo "1546"]
[BlackRD "96"]
[GameID "2140"]

1. d4 e6 2. c4 Nf6 3. Nc3 Bb4 4. e3 O-O 5. Ne2 c5 6. a3 cxd4 7. axb4 dxc3 8. Nxc3 Nc6 9. b5 Ne7 10. Bd3 b6
11. O-O Bb7 12. f3 Rc8 13. e4 e5 14. Bg5 Nh5 15. Bh4 Nf4 16. Bg3 Nxd3 17. Qxd3 d6 18. Rxa7 Qc7 19. Rfa1 Ra8 20. Rxa8 Rxa8
21. Rxa8+ Bxa8 22. Nd5 Nxd5 23. exd5 Bb7 24. Kf2 f6 25. Ke3 Bc8 26. f4 g6 27. fxe5 fxe5 28. h4 Bf5 29. Qe2 h5= 30. Qd1 Qxc4
31. b3 Qc5+
0-1

[Event "World Championship...or at least a tournament"]
[Site "SchemingMind.com"]
[Date "2004.05.10"]
[Round "-"]
[White "Austin Lockwood"]
[Black "refutor"]
[Result "0-1"]
[WhiteCountry "ENG"]
[BlackCountry "CAN"]
[WhiteElo "1644"]
[WhiteRD "68"]
[BlackElo "1589"]
[BlackRD "77"]
[GameID "2141"]

1. e4 c6 2. d4 d5 3. Nc3 dxe4 4. Nxe4 Bf5 5. Nf3 Bxe4 6. Bc4 Bd5 7. Qe2 Bxc4 8. Qxc4 Nf6 9. O-O e6 10. Ne5 Bd6
11. Qb3 Qc7 12. Qg3 Nh5 13. Qg5 Bxe5 14. Qxe5 Qxe5 15. dxe5 g6 16. g4 Ng7 17. Bg5 O-O 18. Rad1 Na6 19. Be7 Rfe8 20. Rd7 b6
21. Rfd1 Nc5 22. Bxc5 bxc5 23. R1d6 h5 24. Rxc6 Rac8 25. Rxc8 Rxc8 26. g5 Nf5 27. Rxa7 Nd4 28. f4 Nxc2 29. a4 Nd4 30. Rb7 Ne2+
31. Kf1 Nxf4 32. a5 Ra8
0-1

[Event "World Championship...or at least a tournament"]
[Site "SchemingMind.com"]
[Date "2004.05.10"]
[Round "-"]
[White "Gary"]
[Black "refutor"]
[Result "1-0"]
[WhiteCountry "ENG"]
[BlackCountry "CAN"]
[WhiteElo "1648"]
[WhiteRD "67"]
[BlackElo "1545"]
[BlackRD "66"]
[GameID "2142"]

1. c4 c6 2. Nf3 d5 3. b3 Nf6 4. Bb2 Bg4 5. e3 e6 6. Be2 dxc4 7. bxc4 Bb4 8. Nc3 O-O 9. O-O Nbd7 10. a3 Bc5
11. d4 Bd6 12. e4 e5 13. d5 cxd5 14. cxd5 Rc8 15. Rc1 a6 16. h3 Bh5 17. Re1 Qb6 18. Rc2 Rc7 19. Qd2 Rfc8 20. Rec1 Nc5
21. Ng5 Bxe2 22. Qxe2 h6 23. Nf3 Nb3 24. Rd1 Nd4 25. Qe3 Nxf3+ 26. Qxf3 Rc4 27. Re2 Bxa3 28. Na4 Qa5 29. Bxa3 Qxa4 30. Rde1 Rc3
31. Re3 Rxe3 32. Rxe3 Rc4 33. Bd6 Rxe4 34. Rxe4 Nxe4 35. Bxe5 Nd2 36. Qg4 Qb5 37. Qxg7#
1-0

[Event "World Championship...or at least a tournament"]
[Site "SchemingMind.com"]
[Date "2004.05.10"]
[Round "-"]
[White "loco61"]
[Black "refutor"]
[Result "1/2-1/2"]
[WhiteCountry "ENG"]
[BlackCountry "CAN"]
[WhiteElo "1639"]
[WhiteRD "74"]
[BlackElo "1545"]
[BlackRD "66"]
[GameID "2143"]

1. e4 c6 2. d4 d5 3. e5 Bf5 4. Bd3 Bxd3 5. Qxd3 e6 6. Nf3 Ne7 7. Bg5 Qb6 8. b3 Nd7 9. O-O c5 10. c3 cxd4
11. cxd4 Nc6 12. a3 Be7 13. Be3 O-O 14. Rd1 Rac8 15. Nbd2 a6 16. b4 h6 17. Nb3 Qa7 18. b5 axb5 19. Qxb5 Qb6 20. Qxb6 Nxb6
21. Nc5 Bxc5 22. dxc5 Nc4 23. Bd2 N6xe5 24. Nxe5 Nxe5 25. Bb4 Nc6 26. Bc3 Rfd8 27. Rd3 Ne7 28. Bb4 Nf5 29. a4 Ne7 30. a5 Nc6
31. Bc3= d4 32. Bd2 Ne5 33. Rg3 Kh7 34. f4 Nc4 35. Bb4 d3 36. Bc3 d2 37. Rxg7+ Kh8 38. Rxf7+ Kg8 39. Rg7+ Kf8 40. Rd1 Ne3
41. Rxd2 Rxd2 42. Bxd2 Kxg7 43. Bxe3 Kf6 44. g4 Rc6 45. Kf2 e5 46. f5 e4 47. h4 h5 48. Bd4+ Kf7 49. g5 Ra6 50. g6+ Kg8
51. Bc3 Rc6 52. Bd4 Ra6 53. Ke3 Rxa5 54. Kxe4 Ra3 55. Kf4 Ra4 56. Ke4 Rb4 57. Kd5 Ra4 58. g7 Rb4 59. f6 Kf7 60. Ke5 Rc4
61. Bf2 Rc2 62. Bd4 Rc4 63. Kd5 Rb4 64. Ke5 Rc4=
1/2-1/2

[Event "World Championship...or at least a tournament"]
[Site "SchemingMind.com"]
[Date "2004.05.10"]
[Round "-"]
[White "sacriflex"]
[Black "refutor"]
[Result "1/2-1/2"]
[WhiteCountry "CAN"]
[BlackCountry "CAN"]
[WhiteElo "1546"]
[WhiteRD "96"]
[BlackElo "1545"]
[BlackRD "66"]
[GameID "2144"]

1. e4 e5 2. Nf3 Nc6 3. Bb5 a6 4. Ba4 b5 5. Bb3 Nf6 6. O-O Be7 7. Re1 O-O 8. c3 d6 9. h3 Na5 10. Bc2 c5
11. d4 Qc7 12. Nbd2 cxd4 13. cxd4 Bb7 14. d5 Rac8 15. Bd3 Nd7 16. Nf1 Nc5 17. Bb1 Nc4 18. b3 Nb6 19. Ng3 h6 20. Nf5 Kh7
21. N3h4 Bxh4 22. Nxh4=
1/2-1/2

[Event "World Championship...or at least a tournament"]
[Site "SchemingMind.com"]
[Date "2004.05.11"]
[Round "-"]
[White "Stephen"]
[Black "Austin Lockwood"]
[Result "1-0"]
[WhiteCountry "ENG"]
[BlackCountry "ENG"]
[WhiteElo "1829"]
[WhiteRD "84"]
[BlackElo "1642"]
[BlackRD "68"]
[GameID "2169"]

1. d4 e6 2. Nf3 Nc6 3. Bg5 f6 4. Bf4 g5 5. Bg3 Bb4+ 6. c3 Bd6 7. Bxd6 cxd6 8. h3 Nh6 9. e4 O-O 10. Bd3 f5
11. Nbd2 d5 12. exd5 exd5 13. O-O g4 14. hxg4 fxg4 15. Nh2 Nf5 16. Qxg4+ Ng7 17. Rae1 d6 18. Qg3 Qf6 19. Re3 Kh8 20. Rf3 Qe6
21. Rxf8+
1-0

[Event "World Championship...or at least a tournament"]
[Site "SchemingMind.com"]
[Date "2004.05.11"]
[Round "-"]
[White "Stephen"]
[Black "Gary"]
[Result "1/2-1/2"]
[WhiteCountry "ENG"]
[BlackCountry "ENG"]
[WhiteElo "1829"]
[WhiteRD "84"]
[BlackElo "1648"]
[BlackRD "67"]
[GameID "2170"]

1. d4 Nf6 2. Nf3 e6 3. Bg5 Be7 4. Nbd2 O-O 5. e4 d6 6. Bd3 Nbd7 7. Qe2 h6 8. Bh4 e5 9. c3 c5 10. dxe5 Nxe5
11. Bc2 Bg4 12. h3 Bh5 13. g4 Bg6 14. O-O-O Qa5 15. Kb1 b5 16. Nxe5 dxe5 17. g5 Nh7 18. Bg3 Nxg5 19. Bxe5 f6 20. Bg3 Bf7
21. Bb3 c4 22. Bc2 Rfc8 23. f4 Ne6 24. f5 Nc5 25. Nf3 Bh5 26. e5 Rd8 27. exf6 Bxf6 28. Qe3 Rac8=
1/2-1/2

[Event "World Championship...or at least a tournament"]
[Site "SchemingMind.com"]
[Date "2004.05.11"]
[Round "-"]
[White "Stephen"]
[Black "loco61"]
[Result "1-0"]
[WhiteCountry "ENG"]
[BlackCountry "ENG"]
[WhiteElo "1829"]
[WhiteRD "84"]
[BlackElo "1639"]
[BlackRD "74"]
[GameID "2171"]

1. d4 Nf6 2. Nf3 g6 3. Nc3 d5 4. Bf4 a6 5. e3 Nc6 6. Be2 Bf5 7. a3 Bg7 8. O-O O-O 9. Re1 Ne4 10. Nxe4 Bxe4
11. Bd3 f5 12. Ng5 Qd7 13. h3 Bh6 14. Ne6 Qxe6 15. Bxh6 Rf7 16. Bf1 Qf6 17. f3 g5 18. fxe4 Qxh6 19. exd5 Nd8 20. Bc4 e6
21. dxe6 Nxe6 22. Qf3 c6 23. e4 Kg7 24. exf5 Nxd4 25. Qd3 Rd7 26. c3 b5 27. Ba2 Rad8 28. cxd4 Rxd4 29. Qb3 Qf6 30. Qe6 Rd2
31. b4 Qd4+ 32. Kh1 Rf8 33. Qe7+
1-0

[Event "World Championship...or at least a tournament"]
[Site "SchemingMind.com"]
[Date "2004.05.11"]
[Round "-"]
[White "Stephen"]
[Black "refutor"]
[Result "1-0"]
[WhiteCountry "ENG"]
[BlackCountry "CAN"]
[WhiteElo "1836"]
[WhiteRD "100"]
[BlackElo "1589"]
[BlackRD "77"]
[GameID "2172"]

1. d4 Nf6 2. Nf3 g6 3. Nc3 d5 4. Bf4 Bg7 5. e3 c6 6. h3 O-O 7. Bd3 Nbd7 8. O-O b5 9. a3 Nb6 10. Ne5 Bd7
11. Nxd7 Qxd7 12. a4 Nc4 13. Qc1 Rac8 14. b3 Nd6 15. Bxd6 Qxd6 16. axb5 Qb4 17. Ne2 cxb5 18. Rxa7 e6 19. Qa3 Qxa3 20. Rxa3 b4
21. Ra4 Rb8 22. Rfa1 Rfc8 23. Nc1 Ne4 24. Na2 Nc3 25. Nxc3 bxc3 26. Kf1 Kf8= 27. Ra7 e5 28. dxe5 Bxe5 29. Rd7 Rd8 30. Raa7 Ke8
31. Rxf7 Rdc8 32. Rfe7+
1-0

[Event "World Championship...or at least a tournament"]
[Site "SchemingMind.com"]
[Date "2004.05.11"]
[Round "-"]
[White "Stephen"]
[Black "sacriflex"]
[Result "1/2-1/2"]
[WhiteCountry "ENG"]
[BlackCountry "CAN"]
[WhiteElo "1829"]
[WhiteRD "84"]
[BlackElo "1546"]
[BlackRD "96"]
[GameID "2173"]

1. d4 e6 2. Nf3 Nf6 3. Bg5 Be7 4. Nbd2 O-O 5. c3 d5 6. e3 Nbd7 7. Bd3 c5 8. Ne5 Nxe5 9. dxe5 Nd7 10. Bxe7 Qxe7
11. f4 c4 12. Bc2 f5 13. exf6 Nxf6 14. Nf3 b6 15. Ne5 Nd7 16. Nxd7 Bxd7 17. O-O Qc5 18. Qd4 Qxd4 19. exd4 Rf6 20. Rae1 Raf8
21. g3 a5 22. a3 b5 23. Rb1=
1/2-1/2

[Event "World Championship...or at least a tournament"]
[Site "SchemingMind.com"]
[Date "2004.05.11"]
[Round "-"]
[White "Austin Lockwood"]
[Black "Stephen"]
[Result "1/2-1/2"]
[WhiteCountry "ENG"]
[BlackCountry "ENG"]
[WhiteElo "1642"]
[WhiteRD "68"]
[BlackElo "1829"]
[BlackRD "84"]
[GameID "2174"]

1. e4 d5 2. exd5 Qxd5 3. Nc3 Qa5 4. Bb5+ c6 5. Be2 Nf6 6. Nf3 Bf5 7. O-O e6 8. Ng5 Bd6 9. d3 O-O 10. g4 Bg6
11. Nce4 Nxe4 12. Nxe4 Be7 13. b3 Nd7 14. Bd2 Qc7 15. Bg5 Bxg5 16. Nxg5 Nf6 17. f4 h6 18. Nh3 Nd5 19. Qd2 Rad8 20. f5 exf5
21. gxf5 Bh7 22. Rf2 Rfe8 23. Raf1 Ne3 24. Re1 Nxf5 25. Bg4 Nd4 26. c3 Nb5 27. a4 Nd6 28. Rxe8+ Rxe8 29. c4 Qd8 30. c5 Nc8
31. Bh5 Re7 32. Nf4 Qe8 33. Bg4 b6 34. b4 Qd8 35. Qc3 b5 36. axb5 cxb5 37. c6 Rc7 38. Rg2 Bg6 39. Nxg6 fxg6 40. Bxc8 Qxc8
41. Rxg6 Qe8 42. Qb3+ Kh7 43. Re6 Qh5 44. d4 Qg4+ 45. Kh1 Qf5 46. h4 Rxc6 47. Rxc6 Qe4+ 48. Kh2 Qxc6 49. d5 Qd6+ 50. Kh3=
1/2-1/2

[Event "World Championship...or at least a tournament"]
[Site "SchemingMind.com"]
[Date "2004.05.11"]
[Round "-"]
[White "Gary"]
[Black "Stephen"]
[Result "1/2-1/2"]
[WhiteCountry "ENG"]
[BlackCountry "ENG"]
[WhiteElo "1648"]
[WhiteRD "67"]
[BlackElo "1829"]
[BlackRD "84"]
[GameID "2175"]

1. c4 Nf6 2. Nc3 e6 3. g3 d5 4. e3 Be7 5. b3 b6 6. Bg2 c5 7. Nge2 Bb7 8. O-O O-O 9. Bb2 Qd7 10. d4 cxd4
11. exd4 dxc4 12. bxc4 Bxg2 13. Kxg2 Qc6+ 14. d5 Qxc4 15. dxe6 Qc6+ 16. Kg1 Qxe6 17. Re1 Re8 18. Nf4 Qc6 19. Rc1 Bc5 20. Rxe8+ Qxe8
21. Qe1 Nbd7 22. Qxe8+ Rxe8 23. Nd3 Bd4 24. Nb5 Bxb2 25. Nxb2 a6 26. Nd4 h6 27. f3 Nc5 28. Kf2=
1/2-1/2

[Event "World Championship...or at least a tournament"]
[Site "SchemingMind.com"]
[Date "2004.05.12"]
[Round "-"]
[White "loco61"]
[Black "Stephen"]
[Result "1/2-1/2"]
[WhiteCountry "ENG"]
[BlackCountry "ENG"]
[WhiteElo "1639"]
[WhiteRD "74"]
[BlackElo "1829"]
[BlackRD "84"]
[GameID "2176"]

1. e4 d5 2. exd5 Qxd5 3. Nc3 Qa5 4. d4 Nf6 5. Bc4 c6 6. Bg5 Qxg5 7. g3 Bg4 8. f3 Bh5 9. g4 Nxg4 10. fxg4 Bxg4
11. Be2 Qh4+ 12. Kf1 Bxe2+ 13. Qxe2 e6 14. Nf3 Qd8 15. Re1 Bb4 16. a3 Bxc3 17. bxc3 Nd7 18. Rg1 g6 19. Rg3 Qa5 20. Ng5 O-O
21. c4 Rad8 22. h4 Nf6 23. Qf2 Nh5 24. Rf3 Qc7 25. Kg2 Ng7 26. c3 Qe7 27. Ne4 Nf5 28. Kh3 a6 29. Rg1 e5 30. dxe5 Qxe5
31. Nc5 Qc7 32. Rxf5 Qc8 33. Kh2 b6 34. Ne4 Qe6 35. Rg4 Kh8 36. Rff4 f5 37. Ng5 Qd6 38. Rg3 c5 39. h5 h6 40. hxg6 hxg5
41. Rxf5 Kg8=
1/2-1/2